[Event "Wch U16 Girls"]
[Site "Montesilvano"]
[Date "2023.11.23"]
[Round "10"]
[White "Regidor, Kaye Lalaine"]
[Black "Tokarz, Izabela"]
[Result "1/2-1/2"]
[WhiteElo "1598"]
[BlackElo "1931"]
[PlyCount "113"]
[EventDate "2023.11.13"]
[EventType "swiss"]
[EventRounds "11"]
[EventCountry "ITA"]
[SourceTitle "CB48_2023"]
[SourceDate "2023.11.29"]
[SourceVersion "1"]
[SourceVersionDate "2023.11.29"]
[SourceQuality "1"]

1. e4 c6 2. Nf3 d5 3. exd5 cxd5 4. Ne5 Nc6 5. d4 a6 6. c3 Nxe5 7. dxe5 Bf5 8. Bd3 Bxd3 9. Qxd3 e6 10. Be3 Qc7 11. f4 Nh6 12. Nd2 Nf5 13. Nb3 Qc4 14. 0-0-0 a5 15. Kb1 b5 16. g4 Nxe3 17. Qxe3 Be7 18. Nd4 Rb8 19. Qd3 h5 20. f5 Qxd3+ 21. Rxd3 Kd7 22. gxh5 Rxh5 23. Rg3 g6 24. fxe6+ fxe6 25. Rxg6 Rxe5 26. Rg7 Rb7 27. Rf1 Rg5 28. Rxg5 Bxg5 29. Rf7+ Be7 30. h4 e5 31. Nf3 Ke6 32. Ng5+ Kd6 33. Kc2 Rb8 34. Rf5 Bxg5 35. Rxg5 e4 36. Kd2 b4 37. h5 bxc3+ 38. Kxc3 Kc5 39. h6 e3 40. Re5 Rh8 41. Rh5 Re8 42. h7 e2 43. Rh1 Re3+ 44. Kd2 e1Q+ 45. Rxe1 Rh3 46. Re7 Kd4 47. Ke2 Rh2+ 48. Kf3 Kd3 49. Re3+ Kd4 50. Re7 a4 51. Kf4 Kd3 52. Kf5 d4 53. Kg6 Rg2+ 54. Kf7 Rh2 55. Kg8 Rxb2 56. Ra7 Rg2+ 57. Kf8 1/2-1/2

[Event "POL-ch Rapid U18 Girls"]
[Site "Bydgoszcz"]
[Date "2023.08.30"]
[Round "8"]
[White "Kawa, Anna"]
[Black "Tokarz, Izabela"]
[Result "0-1"]
[WhiteElo "1725"]
[BlackElo "1661"]
[PlyCount "104"]
[EventDate "2023.08.28"]
[EventType "swiss"]
[EventRounds "11"]
[EventCountry "POL"]
[SourceTitle "EXT 2024"]
[Source "ChessBase"]
[SourceDate "2023.10.10"]
[SourceVersion "1"]
[SourceVersionDate "2023.10.10"]
[SourceQuality "1"]

1. e4 c5 2. Nf3 e6 3. d3 Nc6 4. g3 g6 5. Bg2 Bg7 6. 0-0 Nge7 7. c3 0-0 8. Re1 d6 9. a4 Rb8 10. Na3 a6 11. d4 cxd4 12. cxd4 d5 13. Bf4 Ra8 14. e5 Nf5 15. Rc1 Qb6 16. b3 Nfxd4 17. Nxd4 Qxd4 18. Qe2 Qb4 19. Qb2 Bd7 20. Bd2 Qe7 21. f4 Nb4 22. Qd4 Nc6 23. Qb2 Rac8 24. b4 Qd8 25. b5 Ne7 26. Bb4 Re8 27. Qd2 Qb6+ 28. Kh1 Nf5 29. a5 Qd4 30. Qxd4 Nxd4 31. b6 Bf8 32. Bxf8 Kxf8 33. Red1 Nb3 34. Rb1 Nxa5 35. Bf1 Nc6 36. Nc2 Nxe5 37. Nb4 Nc6 38. Nxc6 Bxc6 39. Kg1 Ke7 40. Rdc1 Kf6 41. Kf2 g5 42. fxg5+ Kxg5 43. Bd3 f5 44. h4+ Kf6 45. g4 fxg4 46. Bxh7 Rh8 47. Bd3 Rxh4 48. Rf1 Ke7 49. Kg2 d4+ 50. Kf2 Rh2+ 51. Ke1 g3 52. Bxa6 g2 0-1

[Event "POL-ch U16 Girls"]
[Site "Jastrzebia Gora"]
[Date "2023.??.??"]
[Round "4"]
[White "Tokarz, Izabela"]
[Black "Smietanska, Wiktoria"]
[Result "1/2-1/2"]
[WhiteElo "1725"]
[BlackElo "1954"]
[PlyCount "185"]
[EventDate "2023.03.11"]
[EventType "swiss"]
[EventRounds "9"]
[EventCountry "POL"]
[SourceTitle "CBM 213 Extra"]
[Source "ChessBase"]
[SourceDate "2023.05.31"]
[SourceVersion "1"]
[SourceVersionDate "2023.05.31"]
[SourceQuality "1"]

1. d4 d5 2. c4 c6 3. Nf3 Nf6 4. Nc3 e6 5. cxd5 exd5 6. Bg5 Bd6 7. Qc2 0-0 8. e3 h6 9. Bh4 Re8 10. Bd3 Bg4 11. Rb1 a5 12. a3 Nbd7 13. Nd2 Qe7 14. 0-0 Be6 15. f3 c5 16. Rbe1 Rac8 17. Qd1 Bb8 18. Nb5 Qd8 19. Bb1 Qb6 20. a4 cxd4 21. exd4 Bf4 22. Kh1 Rc6 23. Bd3 Rec8 24. Nb3 Ne8 25. g3 Bb8 26. f4 f5 27. Rxe6 Rxe6 28. Bxf5 Nef6 29. Bxf6 Nxf6 30. Bxe6+ Qxe6 31. Nc5 Qh3 32. Re1 b6 33. Nd3 Ne4 34. Kg1 Kh7 35. Qe2 h5 36. Nf2 Nxf2 37. Qxf2 Qf5 38. Nc3 Rc4 39. Qd2 Bd6 40. Qd1 Rxd4 41. Qe2 Rb4 42. Qf3 Rxb2 43. Qxd5 Bc5+ 44. Kh1 Qxd5+ 45. Nxd5 Ra2 46. Rb1 Rxa4 47. Nxb6 Rb4 48. Rxb4 axb4 49. Nc4 b3 50. Nd2 b2 51. Kg2 Kg6 52. Kf3 Kf5 53. h3 Ke6 54. Ke4 Bb4 55. Nb1 Be1 56. g4 h4 57. Na3 Bd2 58. f5+ Kf6 59. Kd5 Bb4 60. Nb1 Be7 61. Nd2 Kg5 62. Ke4 Bb4 63. Nb1 Kf6 64. Kd5 Be7 65. Nd2 Kg5 66. Ke4 Bf6 67. Nf3+ Kh6 68. Nd2 g6 69. fxg6 Kxg6 70. Nb1 Bg7 71. Na3 Kf6 72. Kd5 Bf8 73. Nb1 Bb4 74. Kc4 Bd6 75. Kd5 Bf8 76. Nd2 Bh6 77. Nb1 Kg5 78. Ke4 Bg7 79. Nd2 Kf6 80. Kd5 Ke7 81. Nb1 Bf6 82. Na3 Kd7 83. Nb1 Bg5 84. Nc3 Bd2 85. Nb1 Bc1 86. Nc3 Kc7 87. Kc5 Be3+ 88. Kd5 Bc1 89. Kc5 Kb7 90. Nb1 Be3+ 91. Kd5 Kb6 92. Na3 Ka6 93. Ke4 1/2-1/2

[Event "EU-ch Blitz"]
[Site "Katowice"]
[Date "2022.12.16"]
[Round "1"]
[White "Tokarz, Izabela"]
[Black "Donchenko, Alexander"]
[Result "0-1"]
[WhiteElo "1893"]
[BlackElo "2636"]
[PlyCount "64"]
[EventDate "2022.12.16"]
[EventType "swiss (blitz)"]
[EventRounds "22"]
[EventCountry "POL"]
[SourceTitle "CBM 211 Extra"]
[Source "ChessBase"]
[SourceDate "2023.01.31"]
[SourceVersion "1"]
[SourceVersionDate "2023.01.31"]
[SourceQuality "1"]

1. d4 Nf6 2. c4 e6 3. Nc3 Bb4 4. f3 c5 5. d5 d6 6. e4 b5 7. Bg5 h6 8. Bh4 0-0 9. Bd3 bxc4 10. Bxc4 Ba6 11. Bxa6 Nxa6 12. dxe6 fxe6 13. Nge2 d5 14. 0-0 Nc7 15. e5 g5 16. Qd3 gxh4 17. Qg6+ Kh8 18. exf6 Qxf6 19. Qh5 Rg8 20. Kh1 Raf8 21. a3 Ba5 22. f4 Qg6 23. Qf3 Qg4 24. Qxg4 Rxg4 25. Na4 c4 26. Nc5 Rf7 27. Rad1 Bb6 28. Na4 Rfg7 29. g3 hxg3 30. hxg3 h5 31. Rf3 h4 32. gxh4 Rxh4+ 0-1

[Event "POL-chT 2nd League"]
[Site "Jastrzebia Gora"]
[Date "2022.09.11"]
[Round "9.130"]
[White "Barczyk, Joanna"]
[Black "Tokarz, Izabela"]
[Result "0-1"]
[WhiteElo "1829"]
[BlackElo "1821"]
[PlyCount "33"]
[EventDate "2022.09.03"]
[EventType "team-swiss"]
[EventRounds "9"]
[EventCountry "POL"]
[SourceTitle "CBM 210 Extra"]
[Source "ChessBase"]
[SourceDate "2022.11.30"]
[SourceVersion "1"]
[SourceVersionDate "2022.11.30"]
[SourceQuality "1"]
[WhiteTeam "Krakow Cracovia"]
[BlackTeam "Rzeszow RzKSz"]
[WhiteTeamCountry "POL"]
[BlackTeamCountry "POL"]

1. b3 e5 2. Bb2 Nc6 3. e3 a6 4. d4 exd4 5. exd4 d5 6. Nf3 Bf5 7. c3 Bd6 8. Be2 Qf6 9. Bc1 h6 10. Be3 0-0-0 11. a3 g5 12. h3 Nge7 13. b4 Ng6 14. g3 Rde8 15. Nbd2 Bxg3 16. Nf1 Bf4 17. Qd2 0-1

[Event "POL-chT 2nd League"]
[Site "Jastrzebia Gora"]
[Date "2022.09.04"]
[Round "2.120"]
[White "Tokarz, Izabela"]
[Black "Czarnecka, Lidia"]
[Result "0-1"]
[WhiteElo "1821"]
[BlackElo "1957"]
[PlyCount "78"]
[EventDate "2022.09.03"]
[EventType "team-swiss"]
[EventRounds "9"]
[EventCountry "POL"]
[SourceTitle "CBM 210 Extra"]
[Source "ChessBase"]
[SourceDate "2022.11.30"]
[SourceVersion "1"]
[SourceVersionDate "2022.11.30"]
[SourceQuality "1"]
[WhiteTeam "Rzeszow RzKSz"]
[BlackTeam "Wieliczka MKS MOS"]
[WhiteTeamCountry "POL"]
[BlackTeamCountry "POL"]

1. d4 d5 2. c4 c6 3. Nf3 Nf6 4. Nc3 e6 5. e3 Nbd7 6. Bd3 dxc4 7. Bxc4 b5 8. Bd3 a6 9. e4 c5 10. d5 c4 11. dxe6 fxe6 12. Bc2 Qc7 13. Nd4 Nc5 14. Qe2 Bd6 15. h3 0-0 16. 0-0 Bb7 17. a3 Rad8 18. Nf3 Nfd7 19. Bg5 Rde8 20. Rad1 Ne5 21. Ne1 Ng6 22. Qg4 Be5 23. Nf3 Bxc3 24. bxc3 Nf4 25. Rfe1 Nfd3 26. Re2 e5 27. Bxd3 cxd3 28. Re3 Bc8 29. Qh4 Be6 30. Ne1 Bc4 31. Qg4 Qc6 32. Nf3 h6 33. Bh4 Rf4 34. Qh5 Bf7 35. Qxe5 Rxe5 36. Nxe5 Qe6 37. Nf3 Rxe4 38. Rxe4 Qxe4 39. Re1 Qxe1+ 0-1

[Event "Krakow op-B"]
[Site "Krakow"]
[Date "2022.07.02"]
[Round "9"]
[White "Budkiewicz, Magdalena"]
[Black "Tokarz, Izabela"]
[Result "0-1"]
[WhiteElo "1923"]
[BlackElo "1705"]
[PlyCount "90"]
[EventDate "2022.06.25"]
[EventType "swiss"]
[EventRounds "9"]
[EventCountry "POL"]
[SourceTitle "EXT 2023"]
[Source "ChessBase"]
[SourceDate "2022.10.05"]
[SourceVersion "1"]
[SourceVersionDate "2022.10.05"]
[SourceQuality "1"]

1. e4 c5 2. Nf3 d6 3. d4 cxd4 4. Nxd4 Nf6 5. Nc3 g6 6. Be2 Bg7 7. 0-0 0-0 8. Be3 Nc6 9. Nb3 Bd7 10. f4 a6 11. Kh1 b5 12. a3 Be6 13. Nd4 Nxd4 14. Bxd4 Rc8 15. f5 Bc4 16. Bd3 Nd7 17. Bxg7 Kxg7 18. Rf3 Ne5 19. Rh3 h5 20. Qd2 Qb6 21. Rf1 Ng4 22. Nd5 Bxd5 23. exd5 Qd4 24. Qe2 Rce8 25. Be4 Qxb2 26. Bf3 Qd4 27. Rh4 Qf6 28. Qe1 Ne3 29. Qxe3 Qxh4 30. Be4 Qf6 31. Bd3 g5 32. Qg3 Kh6 33. Be2 Qe5 34. Qf3 g4 35. Qd3 f6 36. Qd2+ Kg7 37. Rf4 Rc8 38. Bd3 Kf7 39. Re4 Qc3 40. Qd1 Rc5 41. h3 Rxd5 42. hxg4 hxg4 43. Qxg4 Rh8+ 44. Kg1 Qc5+ 45. Kf1 Rxf5+ 0-1

[Event "Krakow Winter op-A"]
[Site "Krakow"]
[Date "2022.01.15"]
[Round "1"]
[White "Pniaczek, Marek"]
[Black "Tokarz, Izabela"]
[Result "1/2-1/2"]
[WhiteElo "2329"]
[BlackElo "1804"]
[PlyCount "111"]
[EventDate "2022.01.15"]
[EventType "swiss"]
[EventRounds "9"]
[EventCountry "POL"]
[SourceTitle "CBM 206 Extra"]
[Source "ChessBase"]
[SourceDate "2022.03.31"]
[SourceVersion "1"]
[SourceVersionDate "2022.03.31"]
[SourceQuality "1"]

1. e4 c5 2. Nf3 d6 3. d4 cxd4 4. Qxd4 Nc6 5. Qe3 g6 6. Be2 Bg7 7. 0-0 Nf6 8. h3 0-0 9. Rd1 Nd7 10. Nc3 b6 11. Rb1 Bb7 12. a3 Rc8 13. Bd2 a6 14. Nd5 e6 15. Nb4 Nc5 16. Nd3 Ne7 17. Nxc5 dxc5 18. Bc3 Qc7 19. Bxg7 Kxg7 20. Qc3+ Kg8 21. Ne5 Nc6 22. Ng4 Nd4 23. Qe3 f5 24. exf5 exf5 25. Bc4+ Kh8 26. Nh6 Qg7 27. Qg5 b5 28. Re1 Rc7 29. Nf7+ Rfxf7 30. Bxf7 Qxf7 31. c3 Nc6 32. Rbd1 Kg7 33. Rd6 Rd7 34. Rde6 c4 35. h4 h6 36. Qe3 Nd8 37. Qe5+ Kh7 38. Re8 Qg7 39. Qc5 Nc6 40. h5 Rf7 41. hxg6+ Qxg6 42. R1e6 Qg4 43. f3 Qg5 44. Qd6 Rg7 45. Re2 Qc1+ 46. Kh2 Qg5 47. Kg1 Qc1+ 48. Re1 Qg5 49. R1e2 Qc1+ 50. Re1 Qg5 51. R1e2 Qc1+ 52. Kh2 Qg5 53. Qf8 Rg8 54. Qf7+ Rg7 55. Qf8 Rg8 56. Qf7+ 1/2-1/2

[Event "Krakow Winter op-A"]
[Site "Krakow"]
[Date "2022.01.15"]
[Round "2"]
[White "Tokarz, Izabela"]
[Black "Wilk, Igor"]
[Result "1/2-1/2"]
[WhiteElo "1804"]
[BlackElo "1768"]
[PlyCount "61"]
[EventDate "2022.01.15"]
[EventType "swiss"]
[EventRounds "9"]
[EventCountry "POL"]
[SourceTitle "CBM 206 Extra"]
[Source "ChessBase"]
[SourceDate "2022.03.31"]
[SourceVersion "1"]
[SourceVersionDate "2022.03.31"]
[SourceQuality "1"]

1. d4 d5 2. c4 e6 3. Nc3 Nf6 4. cxd5 exd5 5. Bg5 Be7 6. Qc2 c6 7. e3 0-0 8. Bd3 Nbd7 9. Nge2 Re8 10. 0-0 h6 11. Bh4 Ne4 12. Bxe7 Qxe7 13. Rae1 Ndf6 14. f3 Nxc3 15. Nxc3 Qd6 16. Qf2 Bd7 17. Bb1 c5 18. Rd1 cxd4 19. Rxd4 Qe5 20. e4 dxe4 21. Nxe4 Bc6 22. Rfd1 Nxe4 23. Bxe4 Bxe4 24. Rxe4 Qa5 25. Rxe8+ Rxe8 26. a3 Qb5 27. Rd2 a6 28. h3 Qc6 29. Rc2 Qd6 30. Rd2 Qc6 31. Rc2 1/2-1/2

[Event "Lezajsk Merlin-B 1st"]
[Site "Lezajsk"]
[Date "2021.08.06"]
[Round "3"]
[White "Lachut, Tomasz"]
[Black "Tokarz, Izabela"]
[Result "0-1"]
[WhiteElo "1395"]
[BlackElo "1748"]
[PlyCount "96"]
[EventDate "2021.08.04"]
[EventType "tourn"]
[EventRounds "9"]
[EventCountry "POL"]
[SourceTitle "EXT 2023"]
[Source "ChessBase"]
[SourceDate "2022.10.05"]
[SourceVersion "1"]
[SourceVersionDate "2022.10.05"]
[SourceQuality "1"]

1. e4 c5 2. Nc3 d6 3. d4 cxd4 4. Qxd4 Nc6 5. Qd2 g6 6. b3 Bg7 7. Bb2 Nf6 8. f3 Be6 9. g4 a6 10. h4 h5 11. g5 Nd7 12. Nge2 Nc5 13. Na4 Bxb2 14. Nxb2 Rc8 15. Nf4 Ne5 16. Be2 b5 17. b4 Ncd7 18. Nxe6 fxe6 19. 0-0 Qb6+ 20. Kh2 Qc6 21. Rac1 Nb6 22. Nd3 Nec4 23. Qc3 e5 24. Nf4 Na4 25. Qa1 Nd2 26. Rf2 Rf8 27. Nxg6 Rg8 28. Nxe5 dxe5 29. Qxe5 Qd6 30. Qxd6 exd6 31. f4 Ke7 32. f5 Nc3 33. f6+ Kf8 34. Bxh5 Rh8 35. Bf3 Rxh4+ 36. Kg3 Rh8 37. Kf4 Nc4 38. Kf5 Re8 39. Re1 Re5+ 40. Kf4 Nd5+ 41. exd5 Rxe1 42. g6 Rh4+ 43. Kg5 Rh3 44. g7+ Kf7 45. Bh5+ Rxh5+ 46. Kxh5 Rg1 47. Kh6 Ne5 48. Kh5 Nd7 0-1

[Event "Lezajsk Merlin-B 1st"]
[Site "Lezajsk"]
[Date "2021.08.06"]
[Round "4"]
[White "Tokarz, Izabela"]
[Black "Owoc, Jakub"]
[Result "0-1"]
[WhiteElo "1748"]
[BlackElo "1768"]
[PlyCount "88"]
[EventDate "2021.08.04"]
[EventType "tourn"]
[EventRounds "9"]
[EventCountry "POL"]
[SourceTitle "EXT 2023"]
[Source "ChessBase"]
[SourceDate "2022.10.05"]
[SourceVersion "1"]
[SourceVersionDate "2022.10.05"]
[SourceQuality "1"]

1. d4 d5 2. c4 dxc4 3. e3 a6 4. Bxc4 Nf6 5. Nf3 e6 6. Nc3 b5 7. Bb3 Nbd7 8. 0-0 Bb7 9. Qe2 Be7 10. Rd1 c5 11. a3 Qb6 12. Bc2 0-0 13. e4 cxd4 14. Nxd4 Ne5 15. Be3 Nc4 16. Bg5 Qc5 17. Be3 Qc7 18. Bd3 Nxe3 19. fxe3 Rac8 20. Rf1 Qe5 21. Nf3 Qh5 22. h3 Rfd8 23. Rad1 Bc5 24. Qf2 Qg6 25. Nd4 Qg5 26. Kh1 Rc7 27. Bb1 Rcd7 28. Bc2 h6 29. Rfe1 Qh5 30. Rf1 Rc8 31. Qg3 Bd6 32. Qf2 Rc5 33. Nf3 a5 34. Kg1 b4 35. Na4 Bg3 36. Qxg3 Rxc2 37. Nd4 Nxe4 38. Qb8+ Rc8 39. Qh2 e5 40. Nb6 exd4 41. Nxd7 dxe3 42. Rfe1 Qf5 43. Rf1 e2 44. Qf4 Qxf4 0-1